Firms slow to adopt e-product data (Record no. 67744)

MARC details
000 -LEADER
fixed length control field 00958cam a2200217 4500
001 - CONTROL NUMBER
control field WB3728-19
008 - FIXED-LENGTH DATA ELEMENTS--GENERAL INFORMATION
fixed length control field 010719n2001 000 0 eng u
035 ## - SYSTEM CONTROL NUMBER
System control number (Sirsi) u113704
245 ## - TITLE STATEMENT
Title Firms slow to adopt e-product data
260 ## - PUBLICATION, DISTRIBUTION, ETC.
Date of publication, distribution, etc. 2001
490 ## - SERIES STATEMENT
Series statement Building
Volume/sequential designation 266(8193) 13 July 2001, 24(1)
520 ## - SUMMARY, ETC.
Summary, etc. A recent survey by construction portal, Barbour Index, has shown that the construction industry is slow to abandon the use of hard copy sources of information for sourcing building product information rather than the internet. Respondents claimed hard copy was easier to access and better for finding and comparing products: electronic sources were seen as more up to date.
590 ## - LOCAL NOTE (RLIN)
Local note WB
650 ## - SUBJECT ADDED ENTRY--TOPICAL TERM
Topical term or geographic name entry element INTERNET
650 ## - SUBJECT ADDED ENTRY--TOPICAL TERM
Topical term or geographic name entry element CONSTRUCTION INDUSTRY
650 ## - SUBJECT ADDED ENTRY--TOPICAL TERM
Topical term or geographic name entry element ELECTRONIC INFORMATION
650 ## - SUBJECT ADDED ENTRY--TOPICAL TERM
Topical term or geographic name entry element BUILDING PRODUCTS
650 ## - SUBJECT ADDED ENTRY--TOPICAL TERM
Topical term or geographic name entry element ONLINE INFORMATION
690 ## - LOCAL SUBJECT ADDED ENTRY--TOPICAL TERM (OCLC, RLIN)
Topical term or geographic name as entry element MANAGEMENT-BUSINESS MANAGEMENT-INFORMATION MANAGEMENT
942 ## - ADDED ENTRY ELEMENTS (KOHA)
Suppress in OPAC 0
Holdings
Withdrawn status Lost status Source of classification or shelving scheme Damaged status Not for loan Home library Current library Shelving location Date acquired Total Checkouts Full call number Barcode Date last seen Copy number Price effective from Koha item type
    Dewey Decimal Classification     London London News article 19/07/2001   WB3728-19 113704-1001 06/08/2019 1 06/08/2019 News article